000 00529pab a2200181 454500
008 180718b2003 xxu||||| |||| 00| 0 eng d
100 _aSingh, I.J.
245 _aForest stock assessment using IRS LISS III and pan merged data in Timli forest range, Dehradun
260 _c2003
300 _ap.49-56.
362 _aMay
650 _aForests - India - Uttar Pradesh
650 _aForests
700 _aKushwaha, S.P.S.
700 _aDas, K.K.
773 _aJournal of the Indian Society of Remote Sensing
909 _a57125
999 _c57125
_d57125